Social-emotional learning and the brain strategies to help your students thrive/ (Record no. 364700)
[ view plain ]
| 000 -LEADER | |
|---|---|
| fixed length control field | 00708nam a22002057a 4500 |
| 003 - CONTROL NUMBER IDENTIFIER | |
| control field | 1 |
| 005 - DATE AND TIME OF LATEST TRANSACTION | |
| control field | 20220302132539.0 |
| 008 - FIXED-LENGTH DATA ELEMENTS--GENERAL INFORMATION | |
| fixed length control field | 220302b xxu||||| |||| 00| 0 eng d |
| 022 ## - INTERNATIONAL STANDARD SERIAL NUMBER | |
| Source | 978-1-4166-2949-8 |
| 050 ## - LIBRARY OF CONGRESS CALL NUMBER | |
| Classification number | LB1072 |
| Item number | .S68 2020 |
| 100 ## - MAIN ENTRY--PERSONAL NAME | |
| Personal name | Sprenger, Merilee. |
| Dates associated with a name | 1949. |
| 245 ## - TITLE STATEMENT | |
| Title | Social-emotional learning and the brain strategies to help your students thrive/ |
| Statement of responsibility, etc | Merilee Sprenger |
| 260 ## - PUBLICATION, DISTRIBUTION, ETC. (IMPRINT) | |
| Place of publication, distribution, etc | Alexandria, Virginia, USA. |
| Name of publisher, distributor, etc | ASCD |
| Date of publication, distribution, etc | c2020. |
| 300 ## - PHYSICAL DESCRIPTION | |
| Extent | 278 pp. |
| Dimensions | 23 cm. |
| Accompanying material | Includes bibliographical references and index. |
| 500 ## - GENERAL NOTE | |
| General note | Affective education. |
| 500 ## - GENERAL NOTE | |
| General note | Cognitive neuroscience. |
| 500 ## - GENERAL NOTE | |
| General note | Student-teacher relationships-Psychological aspects. |
| 500 ## - GENERAL NOTE | |
| General note | Brain. |
| 942 ## - ADDED ENTRY ELEMENTS (KOHA) | |
| Source of classification or shelving scheme | Library of Congress Classification |
| Koha item type | Books |
| Withdrawn status | Lost status | Source of classification or shelving scheme | Damaged status | Home library | Current library | Shelving location | Date acquired | Source of acquisition | Sub Shelving location | Total Checkouts | Full call number | Barcode | Date last seen | Price effective from | Koha item type |
|---|---|---|---|---|---|---|---|---|---|---|---|---|---|---|---|
| Library of Congress Classification | Luxembourg Library | Luxembourg Library | Genevive Ledesma - Tan Section | 03/02/2022 | Donation | LB1072 .S68 2020 | 20998 | 03/02/2022 | 03/02/2022 | Books |